| 000 | 01305nam a22002657a 4500 | ||
|---|---|---|---|
| 005 | 20100805141116.0 | ||
| 010 | _aHIN-90000 | ||
| 020 |
_a9788189790813 _c150.00 |
||
| 035 | _a HN-62346 | ||
| 037 | _bDBAD / VEN | ||
| 082 | _a821 | ||
| 100 |
_aप्रकाश, तारा _925092 |
||
| 245 |
_aचलने से मंज़िल मिलती है / _cतारा प्रकाश |
||
| 246 |
_aChalne Se Manzil Milti Hai _bby Tara Prakash |
||
| 260 |
_aबिजनौर _bहिन्दी साहित्य निकेतन _c2010 |
||
| 270 |
_a16, साहित्य विहार _bबिजनौर (उ.प्र.) _k01342- 263232 |
||
| 300 |
_a128पृ. _c22सेमी (सजिल्द) _bसचित्र |
||
| 650 |
_bहिन्दी कविता _9697 |
||
| 650 |
_bHindi Poetry _9698 |
||
| 700 | _95361 | ||
| 700 |
_aश्रीवास्तव, आलोक _9789 |
||
| 942 |
_2ddc _cHN _h821 _mप्रकाश |
||
| 999 |
_c39457 _d39457 |
||